000 00683nam a2200241Ia 4500
003 OSt
005 20220928112657.0
006 a|||||r|||| 00| 0
007 ta
008 220927b |||||||| |||| 00| 0 eng d
024 _a75127
037 _cTextual
040 _aSDCL
_cSDCL
_beng
041 _2eng
_aeng
082 _aV2,1y7K18x, L2
100 _aAurangzebe
_9429191
245 0 _aRuka'at - I - alamgiri or letters of Aurangzebe.Tr by Jamshid H Bilimoria
260 _aDelhi
_bIdarah-I-Adabiyat
_c1972
300 _av,184p
_ccm.
490 _aIad oriental series.12
942 _hV2,1y7K18x, L2
_cTEXL
_2CC
999 _c745682
_d745682